[Event "Baden-ch U1400"]
[Site "Walldorf"]
[Date "2017.07.29"]
[Round "5"]
[White "Maier, Richard"]
[Black "Fleischmann, Andreas"]
[Result "1-0"]
[WhiteElo "1384"]
[BlackElo "1176"]
[PlyCount "65"]
[EventDate "2017.07.26"]
[EventType "swiss"]
[EventRounds "7"]
[EventCountry "GER"]
[SourceTitle "EXT 2018"]
[Source "ChessBase"]
[SourceDate "2017.10.13"]
[SourceVersion "1"]
[SourceVersionDate "2017.10.13"]
[SourceQuality "1"]

1. b3 d5 2. e3 e6 3. Bb2 c5 4. Nf3 b6 5. Ne5 Nd7 6. Bb5 a6 7. Qf3 Ngf6 8. Bc6 Ra7 9. c4 Bd6 10. cxd5 Bxe5 11. Bxe5 0-0 12. Bd6 Re8 13. dxe6 Rxe6 14. Bf4 Nf8 15. Bb8 Rae7 16. Nc3 Ng6 17. Bd5 Nxd5 18. Nxd5 Rd7 19. e4 Qe8 20. Nc3 Bb7 21. Bg3 Bxe4 22. Nxe4 Rxe4+ 23. Kd1 Red4 24. Qe3 Qxe3 25. fxe3 Rxd2+ 26. Kc1 Rxg2 27. Rd1 Re7 28. Rd8+ Nf8 29. Bd6 Rg1+ 30. Kb2 Rg2+ 31. Ka3 b5 32. Bxe7 b4+ 33. Ka4 1-0

[Event "Baden-ch U1400"]
[Site "Walldorf"]
[Date "2017.07.28"]
[Round "3"]
[White "Fleischmann, Andreas"]
[Black "Wang, Junlin"]
[Result "1/2-1/2"]
[WhiteElo "1176"]
[BlackElo "847"]
[PlyCount "42"]
[EventDate "2017.07.26"]
[EventType "swiss"]
[EventRounds "7"]
[EventCountry "GER"]
[SourceTitle "EXT 2018"]
[Source "ChessBase"]
[SourceDate "2017.10.13"]
[SourceVersion "1"]
[SourceVersionDate "2017.10.13"]
[SourceQuality "1"]

1. e4 e6 2. d4 d5 3. e5 c5 4. c3 b6 5. Be3 Nd7 6. Na3 c4 7. Nf3 Ba6 8. Qc2 Bxa3 9. bxa3 Ne7 10. g3 h6 11. Bh3 Ng6 12. 0-0 Qe7 13. Qa4 Bb7 14. Rad1 0-0 15. Qb4 Qxb4 16. axb4 a5 17. b5 Rae8 18. Kh1 f5 19. Bc1 f4 20. g4 Rf7 21. g5 Kh7 1/2-1/2

[Event "Baden-ch U1400"]
[Site "Walldorf"]
[Date "2017.07.26"]
[Round "1"]
[White "Fleischmann, Andreas"]
[Black "Claus, Lennart"]
[Result "1-0"]
[WhiteElo "1176"]
[BlackElo "798"]
[PlyCount "63"]
[EventDate "2017.07.26"]
[EventType "swiss"]
[EventRounds "7"]
[EventCountry "GER"]
[SourceTitle "EXT 2018"]
[Source "ChessBase"]
[SourceDate "2017.10.13"]
[SourceVersion "1"]
[SourceVersionDate "2017.10.13"]
[SourceQuality "1"]

1. d4 e6 2. e3 d5 3. c4 Nf6 4. b3 c5 5. Bb2 Be7 6. Nd2 0-0 7. Ngf3 Nc6 8. Rc1 Qa5 9. a3 cxd4 10. b4 Qb6 11. c5 Qc7 12. Nxd4 e5 13. Nxc6 Qxc6 14. Bxe5 Bg4 15. Nf3 Rad8 16. Be2 b6 17. Nd4 Qb7 18. Bxg4 bxc5 19. bxc5 Qa6 20. Be2 Nd7 21. Bxa6 Nxe5 22. c6 Bxa3 23. Rc3 Bb4 24. Qb3 Bxc3+ 25. Qxc3 Rb8 26. 0-0 Rb6 27. Ra1 Rfb8 28. c7 Rb1+ 29. Rxb1 Rxb1+ 30. Bf1 f6 31. c8Q+ Kf7 32. Qf5 1-0